1161 1703 1911 1152 1661 1685 1108 1985 1331 1221 1031 1669 1305 1712 1562 1589 1029 1776 1349 1026 1847 1242 1243 1462 1883 1193 1201 1753 1184 1505 1280 1470 1385 1250 1173 1744 1988 1975 1213 1805 1120 1010 1860 1829 1228 1791 1428 1818 1506 1548 1344 1700 1278 1562 1110 1587 1364 1552 1361 1267 1716 1097 1318 1958 1984 1504 1798 1659 1879 1567 1588 1219 1752 1175 1153 1702 1500 1012 1714 1643 1476 1025 1351 1350 1906 1218 1072 1445 1209 1938 1063 1231 1438 1382 1214 1850 1172 1965 1559 BCNSPRNW ULIB Ver.6.0+V

เปลี่ยนเป็นภาษาไทย

Change to English
 แสดงรายละเอียดบรรณานุกรม
  กลับหน้าหลัก

Brief Record : Get Marc (ISO 2709) : E-mail record : QR code < ปิดหน้าต่าง
LEADER : 00000nam 2200000uu 4500
001    13399121665
003     ULIB
008    121129s||||||||th 000 0 tha d
060 04 ^aWC503^bส691ก
245 00 ^aคู่มือการให้การปรึกษาก่อนและหลังการตรวจหาเชื้อเอชไอวีและผู้ป่วยเอดส์ที่ได้รับยาต้านไวรัส/^cจัดทำโดย กระทรวงสาธารณสุข
650  4 ^aกลุ่มอาการภูมิคุ้มกันเสื่อม^xการให้คำปรึกษา
650  4 ^aเอดส์^xการให้คำปรึกษา
650  4 ^aเอดส์^xการตรวจหา^vคู่มือ
700 0  ^aอาคม วัฒนกุล
710 2  ^aสำนักพัฒนาสุขภาพจิต.^bกรมสุขภาพจิต
945    ^p0^l0^i13581
995    ^aกัณชพร
999    ^aกัณชพร
รายการนี้ยังไม่มีแท็ก
คุณยังไม่ได้ล็อกอิน คุณสามารถมีกิจกรรมร่วมกับเว็บไซต์ได้ แต่ต้องล็อกอินก่อน ::
  ล็อกอิน

รายการสื่อสารสนเทศ

ลำดับที่ ประเภท เลขเรียก/บาร์โค้ด สถานที่ สถานะ
1. วิทยาศาสตร์การแพทย์ และสุขภาพ
วิทยาศาสตร์การแพทย์ และสุขภาพ
WC503 ส691ก  
  Barcode: 13581
ห้องสมุดวิทยาเขตสวรรค์ประชารักษ์
►หนังสือทั่วไป
บนชั้น

BibComment


ยังไม่เคยถูกคอมเมนท์

คอมเมนท์ทรัพยากรรายการนี้
  คอมเมนท์: คู่มือการให้การป..


 Copyright 2026. Bcnsprnw @Library